الالتزام الصوفى / (Record no. 14365)
[ view plain ]
| 000 -الفاتح | |
|---|---|
| حقل البيانات ثابتة الطول | 00980nam a22002297a 4500 |
| 008 - عناصر البيانات ثابتة الطول - معلومات عامة | |
| حقل البيانات ثابتة الطول | 100704t2006 xxu||||gr|||| 000 0 ara d |
| 020 ## - الرقم الدولى المعيارى للكتب | |
| الرقم الدولى المعيارى للكتاب | 9773441180 |
| 082 ## - رقم تصنيف ديوى العشرى | |
| رقم الطبعة | 22 |
| رقم التصنيف | 260 |
| رقم المادة | ش ا ذ |
| 100 ## - المدخل الرئيسى - إسم شخصى | |
| 9 (RLIN) | 13568 |
| الإسم الشخصى | الشاذلى ، عبد الله |
| 245 ## - بيان العنوان | |
| العنوان | الالتزام الصوفى / |
| بيان المسئوليه,etc | .عبد الله الشاذلى |
| 260 ## - PUBLICATION, DISTRIBUTION, ETC. (IMPRINT) | |
| مكان الناشر او الموزع | القاهرة: |
| اسم الناشر او الموزع | دار الأفاق العربية، |
| تاريخ النشر أو التوزيع | 2006. |
| 300 ## - الوصف المادى | |
| التعداد | 440؛ص |
| أبعاد الوعاء | 24سم. |
| 490 ## - بيان السلسلة | |
| -- | 15770 |
| عنوان السلسلة | موسوعة التصوف الإسلامى ؛ |
| رقم المجلد/ التعيين التسلسلي | 5. |
| 504 ## - تبصرة ببليوجرافية | |
| تبصرة ببليوجرافية,الخ | يحتوى على إرجاعات ببليوجرافية. |
| 650 ## - المدخل الاضافى بالموضوع-مصطلح موضوعى | |
| 9 (RLIN) | 8787 |
| مصطلح موضوعي أو اسم جغرافي كعنصر مدخل | التصوف الإسلامى |
| 650 ## - المدخل الاضافى بالموضوع-مصطلح موضوعى | |
| 9 (RLIN) | 15835 |
| مصطلح موضوعي أو اسم جغرافي كعنصر مدخل | المراقبة و القرب |
| 650 ## - المدخل الاضافى بالموضوع-مصطلح موضوعى | |
| 9 (RLIN) | 15836 |
| مصطلح موضوعي أو اسم جغرافي كعنصر مدخل | الأخلاق الإسلامية |
| 650 ## - المدخل الاضافى بالموضوع-مصطلح موضوعى | |
| 9 (RLIN) | 15837 |
| مصطلح موضوعي أو اسم جغرافي كعنصر مدخل | الأنس |
| 650 ## - المدخل الاضافى بالموضوع-مصطلح موضوعى | |
| 9 (RLIN) | 15838 |
| مصطلح موضوعي أو اسم جغرافي كعنصر مدخل | الرجاء |
| 942 ## - عناصر المدخل الإضافي( كوها) | |
| مصدر التصنيف او مخطط الترفيف | Dewey Decimal Classification |
| Koha [default] item type | Book - Borrowing |
| حالة التراجع | حالة الفقد | مصدر التصنيف او خطة الترفيف | حالة تلف | ليس للاعارة | مجموعات كوها | المكان الدائم | المكان الحالي | موقع الترفيف | تاريخ الاكتساب | Source of acquisition | رقم الاستدعاء | الباركود | Date last seen | نوع الوعاء |
|---|---|---|---|---|---|---|---|---|---|---|---|---|---|---|
| Dewey Decimal Classification | Central Library | Central Library | Lower Floor | 04/07/2010 | Donation | 260 ش ا ذ | 000021434 | 15/07/2025 | Book - Borrowing |